00610nam a2200205 a 4500001001300000003000900013005001700022008004100039020001000080082001700090100001500107245006900122260003700191300001000228500003500238505004300273650004000316650003300356700001500389nice12345678IN_TiNIC20260116013357.0050524s1994 cala grp 000 0 eng  ac10000a291.172bDAS aDas, Somen aSwami Vivekananda and Christianity-Towards Harmony With Justice. aCalcuttabBishop`s Collegec1994 a185p. aincludes index and biblioraphy2 aSelected Bibliography, Glossary, Index aInterfaith Dialogue-Hindu Christian aVivekananda Swami-Philosophy1 aDas, Somen